[Event "Bucaramanga op"]
[Site "Bucaramanga"]
[Date "2023.09.07"]
[Round "4"]
[White "Carvajal, Henry"]
[Black "Sanabria Calderon, Santiago"]
[Result "1-0"]
[WhiteElo "1767"]
[BlackElo "1451"]
[PlyCount "77"]
[EventDate "2023.09.06"]
[EventType "swiss"]
[EventRounds "9"]
[EventCountry "COL"]
[SourceTitle "EXT 2024"]
[Source "ChessBase"]
[SourceDate "2023.10.10"]
[SourceVersion "1"]
[SourceVersionDate "2023.10.10"]
[SourceQuality "1"]

1. Nf3 Nf6 2. g3 c5 3. c4 g6 4. Nc3 Bg7 5. Bg2 0-0 6. d4 cxd4 7. Nxd4 Nc6 8. Nc2 d6 9. 0-0 Ne5 10. b3 a6 11. Bb2 Qb6 12. Qd4 Qxd4 13. Nxd4 e6 14. Rad1 Rd8 15. Na4 d5 16. Nb6 Rb8 17. Nxe6 Bxe6 18. Bxe5 dxc4 19. Bxb8 Rxb8 20. bxc4 Bg4 21. Rd2 Bh6 22. f4 Re8 23. Rfd1 Bf8 24. Nd5 Nxd5 25. Bxd5 Bc5+ 26. Kf1 Bh3+ 27. Bg2 Bg4 28. h3 Bc8 29. Rd8 Kf8 30. Rxe8+ Kxe8 31. Rb1 b6 32. g4 f5 33. Bf3 Kd8 34. Rb3 Be6 35. Bd5 Bd7 36. g5 Bd6 37. e3 b5 38. cxb5 Bxb5+ 39. Kf2 1-0

[Event "Pereira Gildardo Garcia Memorial-B"]
[Site "Pereira"]
[Date "2022.05.19"]
[Round "3"]
[White "Carvajal, Henry"]
[Black "Acosta, Jaime"]
[Result "1/2-1/2"]
[WhiteElo "1860"]
[BlackElo "1426"]
[PlyCount "33"]
[EventDate "2022.05.18"]
[EventType "swiss"]
[EventRounds "9"]
[EventCountry "COL"]
[SourceTitle "CBM 208 Extra"]
[Source "ChessBase"]
[SourceDate "2022.07.31"]
[SourceVersion "1"]
[SourceVersionDate "2022.07.31"]
[SourceQuality "1"]

1. c4 e5 2. Nc3 f5 3. Nf3 Nc6 4. d4 e4 5. d5 Nce7 6. Nd4 g6 7. Ne6 dxe6 8. Qd4 Nf6 9. Qxf6 Rg8 10. dxe6 Rg7 11. Bh6 Ng8 12. Qxd8+ Kxd8 13. Bxg7 Bxg7 14. 0-0-0+ Ke8 15. Nd5 Be5 16. f4 exf3 17. exf3 1/2-1/2

[Event "Soacha op-A"]
[Site "Soacha"]
[Date "2021.09.12"]
[Round "10"]
[White "Zuluaga Mancilla, Cesar"]
[Black "Carvajal, Henry"]
[Result "1-0"]
[WhiteElo "2256"]
[BlackElo "1856"]
[PlyCount "59"]
[EventDate "2021.09.08"]
[EventType "swiss"]
[EventRounds "10"]
[EventCountry "COL"]
[SourceTitle "CBM 204 Extra"]
[Source "ChessBase"]
[SourceDate "2021.11.30"]
[SourceVersion "1"]
[SourceVersionDate "2021.11.30"]
[SourceQuality "1"]

1. d4 Nf6 2. Nf3 d5 3. Bf4 e6 4. e3 Be7 5. c4 0-0 6. Nc3 a6 7. a4 Nh5 8. Bg3 Nxg3 9. hxg3 Nc6 10. Qb3 dxc4 11. Bxc4 h6 12. Be2 Qd6 13. Rd1 Qb4 14. Qc2 Qa5 15. Kf1 Nb4 16. Qb3 c5 17. Rh5 Qc7 18. g4 cxd4 19. exd4 Nd5 20. Nxd5 exd5 21. Ne5 Qd6 22. Qe3 b5 23. axb5 axb5 24. g3 b4 25. Kg2 Ba6 26. Bf3 Bb7 27. Rdh1 Ra6 28. g5 Bxg5 29. Qxg5 f6 30. Rxh6 1-0

[Event "Soacha op-A"]
[Site "Soacha"]
[Date "2021.09.10"]
[Round "6"]
[White "Mogollon Tobar, Nicolle Juliet"]
[Black "Carvajal, Henry"]
[Result "1-0"]
[WhiteElo "1797"]
[BlackElo "1856"]
[PlyCount "63"]
[EventDate "2021.09.08"]
[EventType "swiss"]
[EventRounds "10"]
[EventCountry "COL"]
[SourceTitle "CBM 204 Extra"]
[Source "ChessBase"]
[SourceDate "2021.11.30"]
[SourceVersion "1"]
[SourceVersionDate "2021.11.30"]
[SourceQuality "1"]

1. e4 e5 2. Nf3 d6 3. d4 f5 4. dxe5 fxe4 5. Ng5 d5 6. e6 Nf6 7. Nf7 Qe7 8. Nxh8 Bxe6 9. Be2 g6 10. c3 Bg7 11. Nxg6 hxg6 12. Bf4 c6 13. Bxb8 Rxb8 14. Na3 b5 15. Nc2 c5 16. 0-0 a5 17. Rb1 b4 18. Ne3 Qd7 19. Nc2 Rd8 20. a4 Qxa4 21. Ra1 Qb3 22. Rxa5 Qxb2 23. Rxc5 Nd7 24. Rc6 Ke7 25. cxb4 Qe5 26. f4 Qb2 27. Bg4 Nf8 28. f5 gxf5 29. Bxf5 Qe5 30. Qg4 e3 31. Bxe6 Nxe6 32. Rc5 1-0